Benefity a riziká silikónových derivátov v kozmetických výrobkoch
Gespeichert in:
| 1. Verfasser: | |
|---|---|
| Weitere Verfasser: | |
| Format: | Manuskript Buch |
| Sprache: | Slowakisch |
| Veröffentlicht: |
2022
|
| Schlagworte: | |
| Online-Zugang: | http://is.stuba.sk/zp/portal_zp.pl?podrobnosti=148873 |
| Tags: |
Keine Tags, Fügen Sie das erste Tag hinzu!
|
MARC
| LEADER | 00000ntm a22000003a 4500 | ||
|---|---|---|---|
| 001 | stuzp83843 | ||
| 003 | SK-STU | ||
| 005 | 20220625210323.4 | ||
| 007 | ta | ||
| 008 | 150427s2015----xo-----f-mn---000-0-slo-d | ||
| 040 | |a STU |b slo | ||
| 041 | 0 | |a slo | |
| 100 | 1 | |a Kúdelová, Ivana |u 040250 |4 aut |U FCHPT Ústav potravinárstva a výživy |T FCHPT Oddelenie potravinárskej technológie |X 97350 |U C0250 |Y 685 |7 97350 | |
| 242 | 0 | 1 | |a Benefits and Rsks of Silicone Derivatives in Cosmetic Products |y eng |
| 245 | 1 | 0 | |a Benefity a riziká silikónových derivátov v kozmetických výrobkoch |
| 260 | |c 2022 | ||
| 650 | 4 | |a silikón |2 slo | |
| 650 | 4 | |a dimetikón |2 slo | |
| 650 | 4 | |a cyklometikón |2 slo | |
| 650 | 4 | |a riziká |2 slo | |
| 650 | 4 | |a dotazníkový prieskum |2 slo | |
| 650 | 4 | |a benefity |2 slo | |
| 650 | 4 | |a cyclomethicone |2 eng | |
| 650 | 4 | |a dimethicone |2 eng | |
| 650 | 4 | |a benefits |2 eng | |
| 650 | 4 | |a risks |2 eng | |
| 650 | 4 | |a silicone |2 eng | |
| 650 | 4 | |a questionnaire survey |2 eng | |
| 700 | 1 | |a Hojerová, Jarmila |u 040250 |k Z1 |4 ths |U FCHPT Ústav potravinárstva a výživy |T FCHPT Oddelenie potravinárskej technológie |X 3324 |U C0250 |Y 685 |7 A000003324 | |
| 856 | 4 | |u http://is.stuba.sk/zp/portal_zp.pl?podrobnosti=148873 | |